ՀՀ Գիտությունների ազգային ակադեմիայի հիմնարար գիտական գրադարան  =   Fundamental Scientific Library of NAS RA

Հատընտիր : (Record no. 507253)

MARC details
000 -LEADER
fixed length control field 00730nam a2200205 u 4500
003 - CONTROL NUMBER IDENTIFIER
control field AM-YeHGA
040 ## - CATALOGING SOURCE
Original cataloging agency AM-YeHGA
090 ## - LOCALLY ASSIGNED LC-TYPE CALL NUMBER (OCLC); LOCAL CALL NUMBER (RLIN)
-- 510679
001 - CONTROL NUMBER
control field 000250656
005 - DATE AND TIME OF LATEST TRANSACTION
control field 20250618075904.0
008 - FIXED-LENGTH DATA ELEMENTS--GENERAL INFORMATION
fixed length control field 030728s1953 ai r 000 0 arm d
041 0# - LANGUAGE CODE
Language code of text/sound track or separate title arm
100 1# - MAIN ENTRY--PERSONAL NAME
Personal name Բորյան, Գուրգեն Միքայելի,
Dates associated with a name 1915-1971
9 (RLIN) 2541
245 10 - TITLE STATEMENT
Title Հատընտիր :
Remainder of title [Բանաստեղծություններ] /
Statement of responsibility, etc. Գ. Բորյան; Խմբ.՝ Ս. Տարոնցի.
260 ## - PUBLICATION, DISTRIBUTION, ETC.
Place of publication, distribution, etc. Երևան :
Name of publisher, distributor, etc. Հայպետհրատ,
Date of publication, distribution, etc. 1953.
300 ## - PHYSICAL DESCRIPTION
Extent 214 էջ :
Other physical details նկ. ;
Dimensions 18 սմ.
650 14 - SUBJECT ADDED ENTRY--TOPICAL TERM
Topical term or geographic name entry element Հայ գրականություն
General subdivision Չափածո
700 1# - ADDED ENTRY--PERSONAL NAME
Personal name Տարոնցի, Սողոմոն,
Dates associated with a name 1905-1971
Relator term խմբ.
Relationship edt
9 (RLIN) 1707
942 ## - ADDED ENTRY ELEMENTS (KOHA)
Source of classification or shelving scheme Universal Decimal Classification
Koha item type Գրքեր / Books
Holdings
Withdrawn status Lost status Source of classification or shelving scheme Damaged status Not for loan Collection Home library Current library Date acquired Total checkouts Full call number Barcode Date last seen Price effective from Koha item type Public note
    Universal Decimal Classification     Kusikian Individual Collection Fundamental Scientific Library Fundamental Scientific Library 11/03/2020   Կուս/451 FL0624264 11/03/2020 11/03/2020 Գրքեր / Books ILL Non-Circ.


ՀՀ ԳԱԱ հիմնարար գիտական գրադարան
ՀՀ,Երևան 0019
Մարշալ Բաղրամյան 24/6
հեռախոս:(374-10) 52-47-50
Հետադարձ կապ

All site content, except where otherwise noted, is licensed under a
Creative Commons License